Compendio de la historia romana / (Record no. 154380)

MARC details
000 -LEADER
campo de control de longitud fija 00689nam a22001815i 4500
001 - NÚMERO DE CONTROL
campo de control 154380
003 - IDENTIFICADOR DE NÚMERO DE CONTROL
campo de control ES-MaACL
005 - FECHA Y HORA DE LA ÚLTIMA TRANSACCIÓN
campo de control 20250708063328.0
008 - DATOS DE LONGITUD FIJA--INFORMACIÓN GENERAL
campo de control de longitud fija 040707s1822 sp af |||| | spa d
040 ## - FUENTE DE CATALOGACIÓN
Centro catalogador/agencia de origen CAM
Lengua de catalogación spa
Centro/agencia transcriptor CAM
100 1# - ENTRADA PRINCIPAL--NOMBRE DE PERSONA
Nombre de persona Goldsmith, Oliver,
Fechas asociadas al nombre 1730-1774
9 (RLIN) 57689
245 10 - MENCIÓN DEL TÍTULO
Título Compendio de la historia romana /
Mención de responsabilidad, etc. traducido del inglés del doctor Goldsmith.
260 ## - PUBLICACIÓN, DISTRIBUCIÓN, ETC.
Lugar de publicación, distribución, etc. Madrid ;
-- Paris :
Nombre del editor, distribuidor, etc. Hállase en casa de Rosa,
Fecha de publicación, distribución, etc. 1822.
300 ## - DESCRIPCIÓN FÍSICA
Extensión 303, [1] p. ;
Dimensiones 16 cm.
599 #1 - NOTA A LAS ILUSTRACIONES
NOTA A LAS ILUSTRACIONES Port. grab. lit. alegórica.
852 ## - LOCALIZACIÓN
Ubicación ES-MaACL
Número de control de estantería , D-2213
Nota libre -- Enc. hol.
-- -- Donación Modesto de la Fuente
-- -- Al final tiene 4, 12 pp. de propaganda ed.
Holdings
Estatus retirado Estado de pérdida Estado de daño No para préstamo Colección Biblioteca de origen Biblioteca actual Ubicación en estantería Fecha de adquisición Fuente de adquisición Total de préstamos Signatura topográfica completa Código de barras Visto por última vez Precio de reemplazo Tipo de ítem Koha
        Libros del s. XIX Biblioteca del Ateneo de Madrid Biblioteca del Ateneo de Madrid Sala Valle Inclán 17/01/2008     D-2213 901161441 23/02/2023 23/02/2023 Libro impreso antiguo